| 000 | 00462nam a2200169Ia 4500 | ||
|---|---|---|---|
| 003 | GCL | ||
| 008 | 140319s9999 xx 000 0 ara d | ||
| 040 |
_aGCL / _cGCL |
||
| 082 | 0 | 4 |
_aط _b813.02 _bو ا |
| 100 | 1 | _aمحيى الدين الطمعى | |
| 245 | 1 | 0 |
_aالرجل الصالح والكلب / _cمحيى الدين الطمعى |
| 260 |
_a[S.N] : _bمكتبة مدبولى |
||
| 300 | _a450 ص | ||
| 490 | _a | ||
| 650 | 0 | 4 | _aمصر |
| 942 |
_2ddc _cBK |
||
| 999 |
_c56371 _d56371 |
||